000 01255nam a22002897a 4500
005 20240530110355.0
008 150105s2010 ua d g b 000 0 ara d
017 _a2009/16283
_bمصر . دار الكتب المصرية
020 _a9789773831846
040 _aEG-CaGPL
041 0 _aara
082 0 4 _221
_a153.12\
_bأ س
100 0 _aامثال هادى حويلة
245 1 0 _aسيكولوجية الذاكرة الدلالية والاحداث الشخصية :
_bفى ضوء نظرية معالجة المعلومات /
_cتاليف : امثال هادى حويلة ؛ تقديم ومراجعة محمد نجيب الصبورة
250 _aط1
260 _aالقاهرة :
_bايتراك للطباعة والنشر والتوزيع ،
_c2009
300 _a253 ص ؛
_c24 سم
490 0 _aسلسلة علم النفس الاكلينيكى المعاصر
504 _aببليوجرافية : ص 239 - 250
650 0 4 _aالذاكرة
650 0 4 _aالشخصية ( علم النفس )
650 0 4 _aالذاكرة الدلالية
650 0 4 _aالذاكرة السمع بصرية
700 0 _aمحمد نجيب الصبوة
_eمقدم ومراجع
942 _2ddc
_cBK
999 _c60145
_d60145